|
|
|
|
| LEADER |
00954nam a2200253 i 4500 |
| 001 |
c000030772 |
| 003 |
CARM |
| 005 |
00000000000000.0 |
| 008 |
841030s1960 ja eng d |
| 019 |
1 |
|
|a 9696408
|z 27084800
|5 LACONCORD2021
|
| 035 |
|
|
|a (OCoLC)1357237
|5 LACONCORD2021
|
| 245 |
0 |
0 |
|a Turkish miniature painting /
|c Edited with introduction & notes, by Emel Esin.
|
| 250 |
|
|
|a [1st ed. ].
|
| 260 |
|
|
|a Tokyo :
|b Rutland, Vt., C.E. Tuttle Co.,
|c [1960].
|
| 300 |
|
|
|a 32 p. :
|b ill.
|
| 490 |
0 |
|
|a Art treasures of Asia
|
| 500 |
|
|
|a Bibliography: p. 32.
|
| 650 |
|
0 |
|a Miniature painting
|z Turkey.
|
| 650 |
|
0 |
|a Miniature painting
|x Reproduction.
|
| 650 |
|
0 |
|a Painting, Turkish.
|
| 700 |
1 |
|
|a Esin, Emel (Tek)
|
| 852 |
8 |
|
|b CARM
|h A3:AB03D0
|i D00621
|p 0041565
|f BK
|
| 999 |
f |
f |
|i cdc7e3cb-27c2-5813-93a4-87a3d3930408
|s be48d9d5-57a2-5036-af76-3ae454eff682
|
| 952 |
f |
f |
|p Can circulate
|a CAVAL
|b CAVAL
|c CAVAL
|d CARM 1 Store
|e D00621
|f A3:AB03D0
|h Other scheme
|i book
|m 0041565
|